00408nam a22001337a 450000500170000000800410001704100120005808200130007010000130008324500350009626000860013130000310021765000260024820240521091603.0240521b |||||||| |||| 00| 0 eng d aEnglish a349 LAW  lEnglish  aThe Law Reports: Appeal Cases  aLondon: bThe Incorporated Council of Law Reporting for England and Wales, c1965 bxvii, 1294 pages; c25 c.  aLegal practice bLaw